Administratívna budova v lokalite Karadžičova- Záhradnícka, v Bratislave

Salvato in:
Dettagli Bibliografici
Autore principale: Šilhár, Roman (Autore)
Altri autori: Borecká, Eva (Relatore della tesi)
Natura: Manoscritto Libro
Lingua:slovacco
Pubblicazione: 2025
Soggetti:
Accesso online:http://is.stuba.sk/zp/portal_zp.pl?podrobnosti=175907
CRZP
Tags: Aggiungi Tag
Nessun Tag, puoi essere il primo ad aggiungerne!!

MARC

LEADER 00000ntm a22000003a 4500
001 stuzp103795
003 SK-STU
005 20250801110512.2
007 ta
008 150427s2015----xo-----f-mn---000-0-slo-d
040 |a STU  |b slo 
041 0 |a slo 
100 1 |a Šilhár, Roman  |u 010310  |4 aut  |U SvF Stavebná fakulta  |T SvF Katedra architektúry  |X 76972  |U V181|V310  |Y 19  |7 76972 
242 0 1 |a Administrative building in the Karadžičova-Záhradnícka location, in Bratislava  |y eng 
245 1 0 |a Administratívna budova v lokalite Karadžičova- Záhradnícka, v Bratislave 
260 |c 2025 
650 4 |a urban block  |2 eng 
650 4 |a residential building  |2 eng 
650 4 |a office building  |2 eng 
650 4 |a architectural design  |2 eng 
650 4 |a mixed-use  |2 eng 
650 4 |a Bratislava  |2 eng 
650 4 |a Bratislava  |2 slo 
650 4 |a bytový dom  |2 slo 
650 4 |a administratívna budova  |2 slo 
650 4 |a mestský blok  |2 slo 
650 4 |a polyfunkcia  |2 slo 
650 4 |a architektonický návrh  |2 slo 
700 1 |a Borecká, Eva  |u 010310  |k Z1  |4 ths  |U SvF Stavebná fakulta  |T SvF Katedra architektúry  |X 53660  |U V181|V310  |Y 19  |7 A000053660 
856 4 |u http://is.stuba.sk/zp/portal_zp.pl?podrobnosti=175907 
856 4 |u https://opac.crzp.sk/?fn=detailBiblioForm&sid=809C367C54749DCAA048AAFF7E5A  |z CRZP